000 01197nam a22004097a 4500
001 BR2015006846
003 BR-BrBNA
005 20230928104747.0
007 ta
008 230509b bl.||||| |||| 00| 0 por d
040 _aBR-BrBNA
_bpor
_cBiblioteca Nacional de Agricultura
041 _a(Por)
072 _aF70; F50
090 _ F70 BR2015006846
100 1 _aMelo, M.M. da R.F. de
100 1 _aBarros, De F.
100 1 _aChiea, S.A.C.
100 1 _aKirizawa, M.
100 1 _aJung-Mendaçolli, S.L.
100 1 _aWanderley, M. das G.L.
110 1 _aInstituto de Botânica, São Paulo, SP (Brasil)
110 1 _aSecretaria do Estado do Meio Ambiente, São Paulo, SP (Brasil)
245 1 _aFlora fanerogâmica da Ilha do Cardoso. Volume 16
260 3 _aSão Paulo, SP (Brasil):
_c2015.
300 _a207 p.
500 _aIncludes several bibliographies; Summary (Por); 61 illus
650 _aFLORA FANEROGÂMICA
650 _aMORFOLOGIA VEGETAL
650 _aARACEAE
650 _aSAPINDACEAE
650 _aMYRTACEAE
650 _aBIGNONIACEAE
650 _aSAPOTACEAE
650 _aACANTHACEAE
909 _a202309
_bLucia
_c55
_dLucia Elande
942 _cBK
999 _c81613
_d81613